00321nam a2200145Ia 45000030006000000080041000060400015000471000023000622450018000852500006001032600029001093000006001385460014001440050017001580STCL150530s9999 xx 000 0 und d aSTCLcSTCL aJames Hadley Chase aVishamullukal a1 bKairali Mudralayamc1988 a0 aMalayalam20220125171332.0